<?xml version="1.0" encoding="UTF-8"?>
<record
    xmlns:xsi="http://www.w3.org/2001/XMLSchema-instance"
    xsi:schemaLocation="http://www.loc.gov/MARC21/slim http://www.loc.gov/standards/marcxml/schema/MARC21slim.xsd"
    xmlns="http://www.loc.gov/MARC21/slim">

  <leader>03574cam a2200373 i 4500</leader>
  <controlfield tag="001">18185149</controlfield>
  <controlfield tag="003">OSt</controlfield>
  <controlfield tag="005">20240530110538.0</controlfield>
  <controlfield tag="008">140611s2015    pauab    b    001 0 eng  </controlfield>
  <datafield tag="010" ind1=" " ind2=" ">
    <subfield code="a">  2014022704</subfield>
  </datafield>
  <datafield tag="020" ind1=" " ind2=" ">
    <subfield code="a">9781451176759 (hbk : alk. paper)</subfield>
  </datafield>
  <datafield tag="035" ind1=" " ind2=" ">
    <subfield code="a">(DNLM)101634554</subfield>
  </datafield>
  <datafield tag="040" ind1=" " ind2=" ">
    <subfield code="a">DNLM/DLC</subfield>
    <subfield code="b">eng</subfield>
    <subfield code="c">DLC</subfield>
    <subfield code="e">rda</subfield>
    <subfield code="d">DLC</subfield>
  </datafield>
  <datafield tag="042" ind1=" " ind2=" ">
    <subfield code="a">pcc</subfield>
  </datafield>
  <datafield tag="050" ind1="0" ind2="0">
    <subfield code="a">QR69.A57</subfield>
    <subfield code="b">A57 2015</subfield>
  </datafield>
  <datafield tag="060" ind1="1" ind2="0">
    <subfield code="a">QW 25.5.M6</subfield>
  </datafield>
  <datafield tag="082" ind1="0" ind2="0">
    <subfield code="2">23</subfield>
    <subfield code="a">615.3</subfield>
    <subfield code="b">a a</subfield>
  </datafield>
  <datafield tag="245" ind1="0" ind2="0">
    <subfield code="a">Antibiotics in laboratory medicine /</subfield>
    <subfield code="c">Daniel Amsterdam, Phd, ABMM, FAAAS, FIDSA, Professor, Department of Microbiology &amp; Immunology, Medicine, and Pathology, School of Medicine and Biomedical Sciences, State University of New York at Buffalo, Chief of Service, Department of Laboratory Medicine, Erie County MEdical Center, Buffalo, New York.</subfield>
  </datafield>
  <datafield tag="250" ind1=" " ind2=" ">
    <subfield code="a">Sixth edition.</subfield>
  </datafield>
  <datafield tag="264" ind1=" " ind2="1">
    <subfield code="a">Philadelphia :</subfield>
    <subfield code="b">Wolters Kluwer,</subfield>
    <subfield code="c">[2015]</subfield>
  </datafield>
  <datafield tag="300" ind1=" " ind2=" ">
    <subfield code="a">xiii, 807 pages :</subfield>
    <subfield code="b">illustrations (some color), map ;</subfield>
    <subfield code="c">27 cm</subfield>
  </datafield>
  <datafield tag="336" ind1=" " ind2=" ">
    <subfield code="a">text</subfield>
    <subfield code="2">rdacontent</subfield>
  </datafield>
  <datafield tag="337" ind1=" " ind2=" ">
    <subfield code="a">unmediated</subfield>
    <subfield code="2">rdamedia</subfield>
  </datafield>
  <datafield tag="338" ind1=" " ind2=" ">
    <subfield code="a">volume</subfield>
    <subfield code="2">rdacarrier</subfield>
  </datafield>
  <datafield tag="504" ind1=" " ind2=" ">
    <subfield code="a">Includes bibliographical references and index.</subfield>
  </datafield>
  <datafield tag="505" ind1="0" ind2=" ">
    <subfield code="a">The breakpoint / Matthew A. Wikler, Franklin R. Cockerill III, and Paul G. Ambrose -- Antimicrobial susceptibility on solid media / John D. Turnidge and Jan M. Bell -- Susceptibility testing of antimicrobials in liquid media / Daniel Amsterdam -- Antimicrobial susceptibility testing of anaerobic bacteria / Anilrudh A. Venugopal and David W. Hecht -- Antimycobacterial agents : in vitro susceptibility testing and mechanisms of action and resistance / Clark B. Inderlied and Edward Desmond -- Antifungal drugs : mechanisms of action, drug resistance, susceptibility testing, and assays of activity in biologic fluids / George R. Thompson III and Thomas F. Patterson -- Antimicrobial susceptibility testing for some atypical microorganisms (Chlamydia, Mycoplasma, Rickettsia, Ehrlichia, Coxiella, and Spirochetes) / Jean-Marc Rolain -- Applications, significance of, and methods for the measurement of antimicrobial concentrations in human body fluids / Shelly Latte, Emilia Mia Sordillo, and Stephen C. Edberg -- Molecular methods for the detection of antibacterial resistance genes : rationale and application / Kristin Hegstad, T&#xF6;rjan Samuelsen, Joachim Hegstad, and Arnfinn Sundsfjord -- Molecular mechanisms of action for antimicrobial agents : general principles and mechanisms for selected classes of antibiotics / Charles William Stratton -- Antiviral agents for HIV, hepatitis, cytomegalovirus, and influenza : susceptibility testing methods, modes of action, and resistance / Daniel Amsterdam -- Disinfectants and antiseptics : modes of action, mechanisms of resistance, and testing regimens / Daniel Amsterdam and Barbara E. Ostrov -- Evaluation of antimicrobials in experimental animal infections / D.A. Andes, Alexander J. Lepak, Niels Frimodt-M&#xF6;ller -- Extravascular antimicrobial distribution and the respective blood and urine concentrations in humans / David M. Bamberger, John W. Foxworth, Michael Alan Kallenberger, Brian S. Pepito, and Dale N. Gerding -- Appendix : antiinfective resistance resource guide / Daniel Amsterdam.</subfield>
  </datafield>
  <datafield tag="650" ind1="1" ind2="2">
    <subfield code="a">Microbial Sensitivity Tests.</subfield>
  </datafield>
  <datafield tag="650" ind1="2" ind2="2">
    <subfield code="a">Anti-Bacterial Agents</subfield>
    <subfield code="x">pharmacology.</subfield>
  </datafield>
  <datafield tag="650" ind1="2" ind2="2">
    <subfield code="a">Drug Resistance, Microbial</subfield>
    <subfield code="x">physiology.</subfield>
  </datafield>
  <datafield tag="700" ind1="1" ind2=" ">
    <subfield code="a">Amsterdam, Daniel,</subfield>
    <subfield code="e">editor.</subfield>
  </datafield>
  <datafield tag="906" ind1=" " ind2=" ">
    <subfield code="a">7</subfield>
    <subfield code="b">cbc</subfield>
    <subfield code="c">orignew</subfield>
    <subfield code="d">1</subfield>
    <subfield code="e">ecip</subfield>
    <subfield code="f">20</subfield>
    <subfield code="g">y-gencatlg</subfield>
  </datafield>
  <datafield tag="942" ind1=" " ind2=" ">
    <subfield code="2">ddc</subfield>
    <subfield code="c">BK</subfield>
  </datafield>
  <datafield tag="999" ind1=" " ind2=" ">
    <subfield code="c">62199</subfield>
    <subfield code="d">62199</subfield>
  </datafield>
  <datafield tag="952" ind1=" " ind2=" ">
    <subfield code="0">0</subfield>
    <subfield code="1">0</subfield>
    <subfield code="2">ddc</subfield>
    <subfield code="4">0</subfield>
    <subfield code="7">0</subfield>
    <subfield code="a">CAI</subfield>
    <subfield code="b">CAI</subfield>
    <subfield code="d">2016-05-03</subfield>
    <subfield code="l">0</subfield>
    <subfield code="o">615.3 a a</subfield>
    <subfield code="p">161855</subfield>
    <subfield code="r">2016-05-03 00:00:00</subfield>
    <subfield code="w">2016-05-03</subfield>
    <subfield code="y">BK</subfield>
  </datafield>
</record>
